CAF - Moderní pojetí řízení ve veřejné správě

Popis hodnotiaceho rámca kvality riadenia vo verejnej správe. Jedná sa o pomerne jednoduchý nástroj pre proces sebahodnotenia organizácií verejného sektora na všetkých úrovniach. Teoretický popis jednotlivých kritérií uvedeného modelu, možné využitie tohoto rámca v praxi. Tento modela sa začína upla...

Descripción completa

Guardado en:
Detalles Bibliográficos
Autor principal: Hejduková, Pavlína
Otros Autores: Ircingová, Jarmila
Formato: Capítulo de libro
Lenguaje:checo
Materias:
Etiquetas: Agregar Etiqueta
Sin Etiquetas, Sea el primero en etiquetar este registro!

MARC

LEADER 00000naa$a2200000$$$4500
001 0056431
005 20220905093125.6
041 0 |a cze 
044 |a SK 
245 1 0 |a CAF - Moderní pojetí řízení ve veřejné správě  |c Pavlína Hejduková, Jarmila Ircingová 
520 |a Popis hodnotiaceho rámca kvality riadenia vo verejnej správe. Jedná sa o pomerne jednoduchý nástroj pre proces sebahodnotenia organizácií verejného sektora na všetkých úrovniach. Teoretický popis jednotlivých kritérií uvedeného modelu, možné využitie tohoto rámca v praxi. Tento modela sa začína uplatňovať na všetkých úrovniach verejnej správy v ČR, rozširuje sa aj do ďalších oblastí, napr. do školstva. 
610 2 0 |a riadenie 
610 2 0 |a kvalita 
610 2 0 |a správa verejná 
610 2 0 |a organizácie 
610 2 0 |a sebahodnotenie 
610 2 0 |a modely riadenia 
100 1 |a Hejduková, Pavlína 
700 1 |a Ircingová, Jarmila